Statistics for UAE Expatriates by Country

Click here to take the quiz!

General Stats

  • This quiz has been taken 274 times
  • The average score is 21 of 28

Answer Stats

PopulationPercentageCountry% Correct
2,600,00027.15%India
99%
1,200,00012.53%Pakistan
97%
120,0001.25%United Kingdom
97%
50,0000.52%United States
95%
500,0005.22%Iran
89%
400,0004.18%Egypt
88%
700,0007.31%Bangladesh
87%
200,0002.09%China
87%
52,0000.54%Iraq
87%
70,0000.73%Saudi Arabia
84%
250,0002.6%Syria
84%
25,0000.26%France
81%
525,5305.49%Philippines
78%
200,0002.09%Jordan
77%
16,0000.17%Australia
74%
300,0003.13%Sri Lanka
73%
40,0000.42%Canada
72%
85,0000.89%Indonesia
71%
100,0001.04%Lebanon
71%
150,0001.57%Afghanistan
69%
90,0000.94%Yemen
68%
300,0003.13%Nepal
65%
75,0000.78%Sudan
63%
90,0000.94%Ethiopia
60%
150,0001.57%Palestine
58%
70,0000.73%Somalia
53%
100,0001.04%South Africa
51%
40,0000.42%Kenya
45%

Score Distribution

Percentile by Number Answered

Percent of People with Each Score

Your Score History

You have not taken this quiz